[Event "Golden Sands op-B"]
[Site "Golden Sands"]
[Date "2015.06.14"]
[Round "7"]
[White "Keadana, Amir"]
[Black "Keze, Arnis"]
[Result "0-1"]
[WhiteElo "1774"]
[BlackElo "1648"]
[PlyCount "86"]
[EventDate "2015.06.08"]
[EventType "swiss"]
[EventRounds "9"]
[EventCountry "BUL"]
[SourceTitle "CBM 167 Extra"]
[Source "ChessBase"]
[SourceDate "2015.09.14"]
[SourceVersion "1"]
[SourceVersionDate "2015.09.14"]
[SourceQuality "1"]

1. e4 c5 2. b3 d6 3. Bb5+ Bd7 4. Bxd7+ Qxd7 5. f4 Nc6 6. Nf3 Nf6 7. d3 e6 8. c4 Be7 9. e5 dxe5 10. Nxe5 Nxe5 11. fxe5 Qd4 12. Qe2 Qxa1 13. 0-0 Qd4+ 14. Kh1 Rd8 15. exf6 Bxf6 16. Rf3 0-0 17. Na3 a6 18. Nc2 Qd6 19. Qf2 Bd4 20. Qh4 e5 21. Bg5 f6 22. Bd2 f5 23. Bg5 Rd7 24. Rg3 Bf2 25. Ne3 Bxg3 26. hxg3 Qxd3 27. Nd5 Rxd5 28. cxd5 Qxd5 29. Be7 Re8 30. Qg5 Qf7 31. Bxc5 h6 32. Qd2 Qc7 33. Qd5+ Qf7 34. Qd2 f4 35. g4 e4 36. Bd4 e3 37. Qe2 Qd5 38. Bc3 Rd8 39. Kh2 b5 40. Qc2 Qd3 41. Qb2 e2 42. Bxg7 Qg3+ 43. Kg1 Rd1# 0-1

[Event "Wch Seniors 65 24th"]
[Site "Katerini"]
[Date "2014.11.03"]
[Round "10"]
[White "Mitsakos, Achilles"]
[Black "Keze, Arnis"]
[Result "0-1"]
[WhiteElo "1584"]
[BlackElo "1684"]
[PlyCount "126"]
[EventDate "2014.10.24"]
[EventType "swiss"]
[EventRounds "11"]
[EventCountry "GRE"]
[SourceTitle "EXT 2015"]
[Source "ChessBase"]
[SourceDate "2014.11.20"]
[SourceVersion "1"]
[SourceVersionDate "2014.11.20"]
[SourceQuality "1"]

1. e4 c5 2. Nf3 d6 3. c3 e6 4. d4 cxd4 5. cxd4 d5 6. e5 Qb6 7. Nc3 Nc6 8. Be2 Nge7 9. 0-0 Bd7 10. a3 Nf5 11. Na4 Qc7 12. b4 a6 13. Bb2 b5 14. Nc3 Qb6 15. Nb1 Be7 16. Qd3 0-0 17. Nbd2 f6 18. exf6 gxf6 19. Nb3 Rf7 20. Qd2 Kh8 21. Bd3 Rg8 22. Bxf5 exf5 23. Nc5 Bc8 24. Kh1 Rfg7 25. Rg1 Bd6 26. Rae1 Qc7 27. g3 f4 28. Ne6 Bxe6 29. Rxe6 fxg3 30. fxg3 Bxg3 31. Rxf6 Bh4 32. Rxg7 Bxf6 33. Rxg8+ Kxg8 34. Ne5 Qd6 35. Qe3 Qe6 36. Qg3+ Bg7 37. Qf4 Nxe5 38. dxe5 Qg6 39. Bc1 Qf7 40. Kg2 Qxf4 41. Bxf4 Kf7 42. Kf3 Ke6 43. Ke3 Bxe5 44. Bxe5 Kxe5 45. h3 d4+ 46. Kd3 Kd5 47. h4 h5 48. Kd2 Ke4 49. Ke2 Kf4 50. Kd3 Kg4 51. Kxd4 Kxh4 52. Kc5 Kg5 53. Kb6 h4 54. Kxa6 h3 55. Kxb5 h2 56. a4 h1Q 57. a5 Qb7+ 58. Ka4 Qc6+ 59. Kb3 Qb5 60. Kc3 Kf5 61. Kb3 Ke4 62. Ka3 Kd4 63. Kb3 Kd3 0-1

[Event "Wch Seniors 23rd"]
[Site "Opatija"]
[Date "2013.11.16"]
[Round "5"]
[White "Ramusch, Arnulf"]
[Black "Keze, Arnis"]
[Result "1-0"]
[WhiteElo "1979"]
[BlackElo "1735"]
[PlyCount "109"]
[EventDate "2013.11.12"]
[EventType "swiss"]
[EventRounds "11"]
[EventCountry "CRO"]
[SourceTitle "CBM 157 Extra"]
[Source "ChessBase"]
[SourceDate "2013.12.19"]
[SourceVersion "1"]
[SourceVersionDate "2013.12.19"]
[SourceQuality "1"]

1. d4 Nf6 2. Nf3 e6 3. e3 d5 4. Bd3 Be7 5. 0-0 0-0 6. Nbd2 c5 7. b3 Nc6 8. Bb2 a6 9. Ne5 cxd4 10. exd4 Qc7 11. a3 Bd6 12. Qe2 Nd7 13. Ndf3 b5 14. Nxc6 Qxc6 15. Ne5 Nxe5 16. dxe5 Bc5 17. Qh5 g6 18. Qh4 Bb7 19. Bd4 Bxd4 20. Qxd4 Rac8 21. Rae1 Qc5 22. Qxc5 Rxc5 23. f4 Kg7 24. Rf2 h5 25. g3 Rh8 26. h3 d4 27. Rd2 Rhc8 28. Kf2 f6 29. exf6+ Kxf6 30. Rde2 Re8 31. Re5 Rxe5 32. Rxe5 Rb8 33. Rg5 Rg8 34. h4 Rg7 35. Ke1 Bf3 36. a4 bxa4 37. bxa4 Bd5 38. a5 Bb7 39. Kd2 Bf3 40. Kc1 Bg4 41. Rc5 Bf5 42. Bxa6 Rd7 43. Kd2 Be4 44. Bc4 Ke7 45. Bxe6 Rd6 46. Bc4 Ba8 47. Re5+ Kd7 48. Bd3 Bb7 49. Rg5 Bf3 50. Rxg6 Rd5 51. Rg5 Rd6 52. Be2 Bb7 53. Rxh5 Rg6 54. Rg5 Re6 55. Bg4 1-0

[Event "EU-ch Seniors 13th"]
[Site "Plovdiv"]
[Date "2013.03.19"]
[Round "9"]
[White "Keze, Arnis"]
[Black "Wahlstedt, Mats"]
[Result "1/2-1/2"]
[WhiteElo "1768"]
[BlackElo "1984"]
[PlyCount "80"]
[EventDate "2013.03.11"]
[EventType "swiss"]
[EventRounds "9"]
[EventCountry "BUL"]
[SourceTitle "CBM 153 Extra"]
[Source "ChessBase"]
[SourceDate "2013.04.22"]
[SourceVersion "1"]
[SourceVersionDate "2013.04.22"]
[SourceQuality "1"]

1. d4 Nf6 2. c4 g6 3. Nf3 d5 4. Nc3 Bg7 5. e3 0-0 6. Be2 dxc4 7. Bxc4 e6 8. 0-0 c5 9. Qc2 cxd4 10. exd4 Nc6 11. Be3 Na5 12. Be2 b6 13. Rad1 Bb7 14. Bg5 Qc7 15. Qd2 Rac8 16. Rc1 Qd8 17. Rfd1 h6 18. Bxh6 Nd5 19. Bxg7 Kxg7 20. Nxd5 Qxd5 21. b3 Rcd8 22. Qf4 Qd6 23. Qe5+ Kg8 24. Qf6 Rfe8 25. Ne5 Qe7 26. Ng4 Nc6 27. Bf3 Rd6 28. h3 Qf8 29. Qh4 Red8 30. Bxc6 Bxc6 31. Nf6+ Kg7 32. Ne4 Bxe4 33. Qxe4 Qe7 34. Rc6 Rd5 35. f4 Qf6 36. Rc4 b5 37. Rc7 Rxd4 38. Rxd4 Rxd4 39. Qe5 Qxe5 40. fxe5 Rd5 1/2-1/2

[Event "EU-ch Seniors 13th"]
[Site "Plovdiv"]
[Date "2013.03.17"]
[Round "7"]
[White "Taksrud, Vidar"]
[Black "Keze, Arnis"]
[Result "0-1"]
[WhiteElo "2089"]
[BlackElo "1768"]
[PlyCount "78"]
[EventDate "2013.03.11"]
[EventType "swiss"]
[EventRounds "9"]
[EventCountry "BUL"]
[SourceTitle "CBM 153 Extra"]
[Source "ChessBase"]
[SourceDate "2013.04.22"]
[SourceVersion "1"]
[SourceVersionDate "2013.04.22"]
[SourceQuality "1"]

1. c4 Nf6 2. Nc3 e6 3. g3 Be7 4. Bg2 d5 5. d4 0-0 6. Nf3 c6 7. 0-0 Nbd7 8. cxd5 exd5 9. Bf4 Re8 10. Qc2 Nf8 11. Ne5 Ng6 12. Nxg6 hxg6 13. Rac1 Bd6 14. Bg5 Be7 15. Rfd1 Bf5 16. Qb3 Qd7 17. a4 Rab8 18. Bf4 Bd6 19. Bxd6 Qxd6 20. a5 Re7 21. e3 Qd7 22. Qb4 Rbe8 23. Qc5 a6 24. Qb4 Be4 25. Nxe4 Nxe4 26. Bxe4 Rxe4 27. Rc3 R8e7 28. Rb3 g5 29. Qd2 f5 30. f3 R4e6 31. Re1 f4 32. gxf4 gxf4 33. Kh1 Qe8 34. e4 dxe4 35. d5 Rd6 36. Qxf4 Rf6 37. Qg5 exf3 38. Re6 Rexe6 39. Rxb7 Re1+ 0-1

[Event "Wch Seniors 22nd"]
[Site "Kamena Vourla"]
[Date "2012.11.24"]
[Round "11"]
[White "Keze, Arnis"]
[Black "Maman, Emanuel"]
[Result "0-1"]
[WhiteElo "1718"]
[BlackElo "1941"]
[PlyCount "148"]
[EventDate "2012.11.13"]
[EventType "swiss"]
[EventRounds "11"]
[EventCountry "GRE"]
[SourceTitle "CBM 151 Extra"]
[Source "ChessBase"]
[SourceDate "2012.12.18"]
[SourceVersion "1"]
[SourceVersionDate "2012.12.18"]
[SourceQuality "1"]

1. d4 Nf6 2. c4 g6 3. Nc3 d5 4. Nf3 Bg7 5. Bg5 c6 6. e3 Qa5 7. Bxf6 Bxf6 8. cxd5 cxd5 9. Bb5+ Nc6 10. 0-0 a6 11. Ba4 0-0 12. Rc1 e6 13. Bc2 Bd7 14. a3 b5 15. Ne2 Qb6 16. h4 h5 17. Qd3 Kg7 18. Ng5 Ne7 19. Nf4 Nf5 20. g3 Bxg5 21. hxg5 Qd8 22. Nh3 Nd6 23. b3 Ne4 24. f4 Nxg3 25. Rf3 Ne4 26. Qe2 Rc8 27. Rcf1 Qa5 28. Bxe4 dxe4 29. Rg3 Qxa3 30. Qg2 Bc6 31. f5 exf5 32. Nf4 Qxb3 33. Nxh5+ gxh5 34. Rxf5 Bd5 35. g6 Rc1+ 36. Kh2 f6 37. Rxh5 Rg8 38. Rh7+ Kf8 39. Qh3 Rc2+ 40. Kh1 Be6 41. Qh6+ Ke8 42. g7 Rc1+ 43. Rg1 Rxg1+ 44. Kxg1 Qd1+ 45. Kh2 Qe2+ 46. Kg1 Qg4+ 47. Kf2 Qg5 48. Qh2 Kd7 49. Rh5 Qg4 50. d5 Qf3+ 51. Ke1 Qxe3+ 52. Kf1 Qc1+ 53. Kf2 e3+ 54. Kf3 Bg4+ 55. Kxg4 Rxg7+ 56. Kf3 Qd1+ 57. Kf4 Qd4+ 58. Kf3 Qg4+ 59. Kxe3 Qg3+ 60. Qxg3 Rxg3+ 61. Kd4 Kd6 62. Rh6 Rg4+ 63. Kd3 Ke5 64. Rh8 Rd4+ 65. Ke3 Rxd5 66. Re8+ Kf5 67. Rh8 b4 68. Rh5+ Ke6 69. Rh8 b3 70. Re8+ Kd7 71. Rb8 Rb5 72. Ra8 b2 73. Ra7+ Kc8 74. Rxa6 b1Q 0-1

[Event "Wch Seniors 22nd"]
[Site "Kamena Vourla"]
[Date "2012.11.21"]
[Round "8"]
[White "Sevenyuk, Alexey"]
[Black "Keze, Arnis"]
[Result "0-1"]
[WhiteElo "1921"]
[BlackElo "1718"]
[PlyCount "74"]
[EventDate "2012.11.13"]
[EventType "swiss"]
[EventRounds "11"]
[EventCountry "GRE"]
[SourceTitle "CBM 151 Extra"]
[Source "ChessBase"]
[SourceDate "2012.12.18"]
[SourceVersion "1"]
[SourceVersionDate "2012.12.18"]
[SourceQuality "1"]

1. Nf3 d5 2. b3 Nf6 3. Bb2 c6 4. e3 Bg4 5. Be2 e6 6. d4 Bd6 7. Nbd2 Nbd7 8. c4 0-0 9. 0-0 Re8 10. Ne5 Bf5 11. g4 Bxe5 12. dxe5 Nxg4 13. Bxg4 Qg5 14. h3 h5 15. f4 Qg6 16. Kf2 hxg4 17. Rg1 Nc5 18. Bd4 Nd3+ 19. Kg3 gxh3+ 20. Kh2 Qh6 21. Rg5 g6 22. Qf3 c5 23. Bc3 Rad8 24. cxd5 exd5 25. Rag1 Kf8 26. e4 dxe4 27. Nxe4 Qh4 28. R1g4 Bxe4 29. Rxh4 Bxf3 30. Rxh3 Be4 31. Rg1 Nxf4 32. Re3 Bf5 33. Be1 Rd3 34. Rxd3 Nxd3 35. Bh4 Rxe5 36. Bf6 Re2+ 37. Kg3 Re3+ 0-1

[Event "Wch Seniors 22nd"]
[Site "Kamena Vourla"]
[Date "2012.11.18"]
[Round "6"]
[White "Pihlajamaki, Antti"]
[Black "Keze, Arnis"]
[Result "1/2-1/2"]
[WhiteElo "1925"]
[BlackElo "1718"]
[PlyCount "30"]
[EventDate "2012.11.13"]
[EventType "swiss"]
[EventRounds "11"]
[EventCountry "GRE"]
[SourceTitle "CBM 151 Extra"]
[Source "ChessBase"]
[SourceDate "2012.12.18"]
[SourceVersion "1"]
[SourceVersionDate "2012.12.18"]
[SourceQuality "1"]

1. e4 c5 2. Nc3 d6 3. Nf3 g6 4. d4 cxd4 5. Nxd4 Bg7 6. Bb5+ Bd7 7. Bxd7+ Nxd7 8. Be3 Ngf6 9. 0-0 0-0 10. f4 h5 11. h3 e5 12. Ndb5 exf4 13. Bxf4 Nxe4 14. Nxe4 Qb6+ 15. Kh1 Qxb5 1/2-1/2

[Event "Wch Seniors 22nd"]
[Site "Kamena Vourla"]
[Date "2012.11.15"]
[Round "3"]
[White "Keze, Arnis"]
[Black "Guaglianone, Mario"]
[Result "0-1"]
[WhiteElo "1718"]
[BlackElo "2017"]
[PlyCount "108"]
[EventDate "2012.11.13"]
[EventType "swiss"]
[EventRounds "11"]
[EventCountry "GRE"]
[SourceTitle "CBM 151 Extra"]
[Source "ChessBase"]
[SourceDate "2012.12.18"]
[SourceVersion "1"]
[SourceVersionDate "2012.12.18"]
[SourceQuality "1"]

1. d4 Nf6 2. c4 e6 3. Nc3 Bb4 4. Bd2 0-0 5. Nf3 d6 6. a3 Bxc3 7. Bxc3 Ne4 8. Rc1 Nd7 9. e3 Qe7 10. Bd3 Nxc3 11. Rxc3 e5 12. dxe5 dxe5 13. Bb1 Nf6 14. Qc2 g6 15. Nd2 c5 16. e4 Nh5 17. Nf1 f5 18. Ng3 Nf4 19. f3 Ne6 20. exf5 Nd4 21. Qf2 gxf5 22. 0-0 f4 23. Ne4 Kh8 24. Kh1 b6 25. Rg1 Bb7 26. g3 Rg8 27. g4 h6 28. h4 Rg7 29. g5 Rag8 30. Nf6 Qxf6 31. gxf6 Rxg1+ 32. Qxg1 Bxf3+ 33. Rxf3 Rxg1+ 34. Kxg1 Nxf3+ 35. Kg2 Nd2 36. Bf5 e4 37. Bg4 Kg8 38. Bh5 Nxc4 39. Bg6 Nd6 40. Kf2 c4 41. Ke2 b5 42. Kd2 Kf8 43. Ke2 a5 44. Kd2 e3+ 45. Ke2 Ne8 46. Be4 Nxf6 47. Bc6 b4 48. axb4 axb4 49. Bb5 c3 50. bxc3 bxc3 51. Bd3 Ke7 52. Kf3 Nd5 53. Bg6 Nb4 54. h5 c2 0-1

[Event "Wch Seniors 22nd"]
[Site "Kamena Vourla"]
[Date "2012.11.14"]
[Round "2"]
[White "Frick, Christoph"]
[Black "Keze, Arnis"]
[Result "1-0"]
[WhiteElo "2264"]
[BlackElo "1718"]
[PlyCount "71"]
[EventDate "2012.11.13"]
[EventType "swiss"]
[EventRounds "11"]
[EventCountry "GRE"]
[SourceTitle "CBM 151 Extra"]
[Source "ChessBase"]
[SourceDate "2012.12.18"]
[SourceVersion "1"]
[SourceVersionDate "2012.12.18"]
[SourceQuality "1"]

1. e4 c5 2. Nc3 d6 3. g3 Nf6 4. Bg2 Nc6 5. d3 g6 6. Nh3 Bg7 7. 0-0 0-0 8. f4 Ng4 9. Kh1 h5 10. Ng5 Bd4 11. Qe2 Kg7 12. h3 Rh8 13. Nf3 Nh6 14. Nd5 e6 15. Ne3 f5 16. c3 Bf6 17. Kg1 Bd7 18. Bd2 Nf7 19. Rae1 a5 20. Nc4 Be7 21. a4 Qc7 22. Qd1 Rad8 23. Qb3 h4 24. gxh4 Bxh4 25. Nxh4 Rxh4 26. Nb6 Rdh8 27. Rf3 R8h6 28. Rg3 fxe4 29. dxe4 Qd8 30. f5 exf5 31. Nxd7 Qxd7 32. exf5 Nce5 33. Bxh6+ Nxh6 34. Qe6 Nxf5 35. Rxg6+ Kh7 36. Qg8# 1-0

[Event "EU-ch Seniors 12th"]
[Site "Kaunas"]
[Date "2012.08.26"]
[Round "9"]
[White "Keze, Arnis"]
[Black "Zilbershtein, Victor"]
[Result "0-1"]
[WhiteElo "1695"]
[BlackElo "1836"]
[PlyCount "59"]
[EventDate "2012.08.18"]
[EventType "swiss"]
[EventRounds "9"]
[EventCountry "LTU"]
[SourceTitle "CBM 150 Extra"]
[Source "ChessBase"]
[SourceDate "2012.10.19"]
[SourceVersion "1"]
[SourceVersionDate "2012.10.19"]
[SourceQuality "1"]

1. d4 Nf6 2. c4 d6 3. Nc3 g6 4. Nf3 Bg7 5. e4 0-0 6. Be2 Nc6 7. Bg5 h6 8. Bh4 Bg4 9. h3 Bxf3 10. Bxf3 e5 11. d5 Ne7 12. Qd2 g5 13. Bg3 Ng6 14. Bg4 Nxg4 15. hxg4 a6 16. f3 Qd7 17. a4 b5 18. cxb5 axb5 19. a5 b4 20. Ne2 Qb5 21. Bf2 Rxa5 22. Rxa5 Qxa5 23. Ng3 Qa1+ 24. Qd1 Qxb2 25. Nf5 Ra8 26. 0-0 Nf4 27. g3 Ne2+ 28. Kg2 b3 29. Qd3 Qc2 30. Qb5 0-1

[Event "EU-ch Seniors 12th"]
[Site "Kaunas"]
[Date "2012.08.25"]
[Round "8"]
[White "Urbanc, Vinko"]
[Black "Keze, Arnis"]
[Result "1-0"]
[WhiteElo "1914"]
[BlackElo "1695"]
[PlyCount "95"]
[EventDate "2012.08.18"]
[EventType "swiss"]
[EventRounds "9"]
[EventCountry "LTU"]
[SourceTitle "CBM 150 Extra"]
[Source "ChessBase"]
[SourceDate "2012.10.19"]
[SourceVersion "1"]
[SourceVersionDate "2012.10.19"]
[SourceQuality "1"]

1. c4 c5 2. Nc3 Nf6 3. g3 e6 4. Bg2 Nc6 5. Nf3 d5 6. cxd5 exd5 7. d4 cxd4 8. Nxd4 Bc5 9. Nxc6 bxc6 10. 0-0 0-0 11. a3 Re8 12. b4 Bb6 13. e3 Bg4 14. Qc2 Qc8 15. Bb2 Bh3 16. Na4 Bxg2 17. Kxg2 Qe6 18. Rac1 Rac8 19. Rfd1 Ng4 20. Bd4 Qh6 21. h3 Bxd4 22. Rxd4 Nf6 23. Rh4 Qg6 24. Qxg6 hxg6 25. Rd4 Re4 26. Rd3 Kf8 27. Nc5 Re7 28. Rdc3 a5 29. b5 Nd7 30. Nxd7+ Rxd7 31. bxc6 Rd6 32. Rc5 a4 33. c7 d4 34. exd4 Rxd4 35. Ra5 Ke7 36. Ra7 Kd7 37. Rc3 Kd6 38. Kf3 Kd7 39. Ke3 Rd1 40. Rxa4 Re1+ 41. Kf3 Re6 42. Rac4 Rf6+ 43. Kg2 Ra6 44. a4 Ra5 45. Rd3+ Ke6 46. Rd8 Raa8 47. Re4+ Kf5 48. Ree8 1-0

[Event "EU-ch Seniors 12th"]
[Site "Kaunas"]
[Date "2012.08.23"]
[Round "6"]
[White "Keze, Arnis"]
[Black "Neudel, Bernd"]
[Result "0-1"]
[WhiteElo "1695"]
[BlackElo "1910"]
[PlyCount "142"]
[EventDate "2012.08.18"]
[EventType "swiss"]
[EventRounds "9"]
[EventCountry "LTU"]
[SourceTitle "CBM 150 Extra"]
[Source "ChessBase"]
[SourceDate "2012.10.19"]
[SourceVersion "1"]
[SourceVersionDate "2012.10.19"]
[SourceQuality "1"]

1. d4 d5 2. c4 e6 3. Nf3 Nf6 4. Nc3 Be7 5. Bg5 c6 6. e3 Nbd7 7. Bd3 0-0 8. 0-0 b6 9. Rc1 Bb7 10. cxd5 cxd5 11. Ne5 Nxe5 12. dxe5 Nd7 13. Bxe7 Qxe7 14. f4 f6 15. exf6 Nxf6 16. g4 Rac8 17. g5 Ne8 18. Qh5 g6 19. Qg4 Nd6 20. b3 Rc7 21. Ne2 Rfc8 22. Rxc7 Rxc7 23. h4 Nf5 24. Qh3 Bc8 25. Bxf5 exf5 26. Qf3 Ba6 27. Qxd5+ Kf8 28. Qd2 Rd7 29. Qc3 Kg8 30. Nd4 Bxf1 31. Kxf1 Rc7 32. Qd2 Qc5 33. Kf2 Kf7 34. Ke2 Qc3 35. Qd3 Qxd3+ 36. Kxd3 Rc1 37. a4 Rh1 38. Nc6 a5 39. Ne5+ Ke6 40. Nc4 Kd5 41. Nxb6+ Kc5 42. Nc4 Kb4 43. Kd4 Rxh4 44. Ke5 Rh3 45. Kd4 Rh1 46. Kd3 Rb1 47. Nd2 Rb2 48. e4 fxe4+ 49. Nxe4 Rxb3+ 50. Kd4 Rh3 51. Nc5 Rh4 52. Kd5 Rh1 53. Ne6 Kxa4 54. Nf8 Kb4 55. Ke6 a4 56. Kf7 a3 57. Kg7 a2 58. Nxh7 a1Q+ 59. Kxg6 Qb1+ 60. f5 Rxh7 61. Kxh7 Qxf5+ 62. g6 Qh5+ 63. Kg7 Qg5 64. Kf7 Qf5+ 65. Kg7 Kc5 66. Kh8 Qh5+ 67. Kg7 Kd6 68. Kf7 Qf5+ 69. Kg7 Ke6 70. Kh8 Qf8+ 71. Kh7 Kf6 0-1

[Event "EU-ch Seniors 12th"]
[Site "Kaunas"]
[Date "2012.08.21"]
[Round "4"]
[White "Keze, Arnis"]
[Black "Birkestrand, Odd Helge"]
[Result "1-0"]
[WhiteElo "1695"]
[BlackElo "1862"]
[PlyCount "119"]
[EventDate "2012.08.18"]
[EventType "swiss"]
[EventRounds "9"]
[EventCountry "LTU"]
[SourceTitle "CBM 150 Extra"]
[Source "ChessBase"]
[SourceDate "2012.10.19"]
[SourceVersion "1"]
[SourceVersionDate "2012.10.19"]
[SourceQuality "1"]

1. d4 Nf6 2. c4 c5 3. Nf3 cxd4 4. Nxd4 Nc6 5. Nc3 a6 6. Bg5 g6 7. e3 Bg7 8. Be2 0-0 9. h4 h6 10. Bxf6 Bxf6 11. h5 Nxd4 12. exd4 g5 13. 0-0 Qb6 14. Nd5 Qxd4 15. Nxe7+ Kh8 16. Qxd4 Bxd4 17. Rab1 d6 18. Rfd1 Be5 19. Nxc8 Raxc8 20. b3 f5 21. Bf3 Rc7 22. Bd5 Re7 23. b4 b6 24. a4 Rc7 25. a5 bxa5 26. bxa5 Rc5 27. Rb6 Rxa5 28. Bb7 Ra4 29. c5 Bd4 30. Rxd6 Bxc5 31. Rxh6+ Kg7 32. Rg6+ Kf7 33. Rxg5 Ke6 34. Rg6+ Ke7 35. Bc6 Rd4 36. Rxd4 Bxd4 37. Bf3 a5 38. Ra6 Bc3 39. h6 Rh8 40. Bd5 Bf6 41. h7 Bc3 42. Bg8 f4 43. Kf1 Kd7 44. Ke2 Kc7 45. g3 Kb7 46. Re6 fxg3 47. fxg3 a4 48. Kd3 Bb2 49. Kc2 a3 50. g4 Kc7 51. g5 Kd7 52. g6 Bg7 53. Ra6 Ke7 54. Kb3 Kf8 55. Rxa3 Bf6 56. Ra7 Bd4 57. Rf7+ Ke8 58. Kc4 Bb2 59. Kd5 Ba3 60. Ke6 1-0

[Event "RUS-ch Seniors"]
[Site "Odintsovo"]
[Date "2011.04.23"]
[Round "5"]
[White "Apsatarov, Ivan"]
[Black "Keze, Arnis"]
[Result "1-0"]
[WhiteElo "1967"]
[BlackElo "1769"]
[PlyCount "111"]
[EventDate "2011.04.19"]
[EventType "swiss"]
[EventRounds "9"]
[EventCountry "RUS"]
[SourceTitle "CBM 142 Extra"]
[Source "ChessBase"]
[SourceDate "2011.06.27"]
[SourceVersion "1"]
[SourceVersionDate "2011.06.27"]
[SourceQuality "1"]

1. d4 Nf6 2. c4 e6 3. Nf3 b6 4. g3 Bb7 5. Bg2 Be7 6. 0-0 0-0 7. Nc3 Ne4 8. Qc2 f5 9. Nd2 Nxc3 10. bxc3 Bxg2 11. Kxg2 Nc6 12. e4 d5 13. cxd5 exd5 14. e5 g5 15. f4 g4 16. Rh1 Na5 17. Nf1 c5 18. Ne3 Qd7 19. Ba3 Nc4 20. Nxc4 dxc4 21. h3 cxd4 22. Bxe7 d3 23. Qf2 Qb7+ 24. Kg1 Qxe7 25. hxg4 Qc5 26. gxf5 Rxf5 27. Qxc5 bxc5 28. Rb1 Rd8 29. Kf2 d2 30. Rhd1 Rh5 31. Kg2 Rf5 32. Rb2 Rd3 33. Rdxd2 h5 34. Rxd3 cxd3 35. c4 Rf8 36. Rd2 Rd8 37. Kf3 Rd4 38. Ke3 Rxc4 39. Rxd3 Ra4 40. a3 Kf7 41. f5 Ke7 42. Rc3 Rg4 43. Rxc5 Rxg3+ 44. Ke4 Rxa3 45. Rc7+ Kd8 46. Rh7 h4 47. f6 Ra1 48. Kf5 Ra4 49. e6 Ra5+ 50. Kg6 Re5 51. Kf7 Re4 52. Rh8+ Kc7 53. e7 a5 54. e8Q Rxe8 55. Kxe8 Kb6 56. f7 1-0

[Event "Moscow op-E"]
[Site "Moscow"]
[Date "2011.02.04"]
[Round "7.231"]
[White "Rakaev, Rishat"]
[Black "Keze, Arnis"]
[Result "1-0"]
[WhiteElo "1955"]
[BlackElo "1766"]
[PlyCount "109"]
[EventDate "2011.01.29"]
[EventType "swiss"]
[EventRounds "9"]
[EventCountry "RUS"]
[SourceTitle "EXT 2022"]
[Source "ChessBase"]
[SourceDate "2021.10.06"]
[SourceVersion "1"]
[SourceVersionDate "2021.10.06"]
[SourceQuality "1"]

1. e4 c5 2. Nf3 d6 3. c3 Nf6 4. Be2 e5 5. 0-0 Nc6 6. d3 Be7 7. Na3 a6 8. Bg5 Be6 9. Nc2 h6 10. Bxf6 Bxf6 11. d4 cxd4 12. cxd4 exd4 13. Ncxd4 Nxd4 14. Nxd4 0-0 15. Qd2 Qb6 16. Rfd1 Rfd8 17. b4 Rac8 18. a4 Qxd4 19. Qxd4 Bxd4 20. Rxd4 Rc2 21. Bd3 Rd2 22. Rc1 Kf8 23. Kf1 Ke7 24. Ke1 Rb2 25. Be2 Rc8 26. Rxc8 Bxc8 27. f4 Bd7 28. a5 f6 29. h4 h5 30. f5 Bb5 31. Bf3 Be8 32. Rc4 Kd7 33. Kd1 Bf7 34. Rd4 Kc7 35. Kc1 Rf2 36. Rd3 Ra2 37. Rc3+ Kd8 38. e5 fxe5 39. Bxb7 Rf2 40. Bxa6 d5 41. Bb7 d4 42. Rc5 d3 43. Bd5 Be8 44. Bf3 Bf7 45. Bd5 Be8 46. b5 Rxf5 47. a6 e4 48. a7 Rf1+ 49. Kd2 Rf2+ 50. Ke3 Re2+ 51. Kd4 d2 52. a8Q+ Ke7 53. Bb3 Rxg2 54. Re5+ Kf6 55. Qxe8 1-0

[Event "Moscow op-E"]
[Site "Moscow"]
[Date "2011.02.03"]
[Round "6.207"]
[White "Keze, Arnis"]
[Black "Babaev, Mikhail"]
[Result "0-1"]
[WhiteElo "1766"]
[BlackElo "2011"]
[PlyCount "78"]
[EventDate "2011.01.29"]
[EventType "swiss"]
[EventRounds "9"]
[EventCountry "RUS"]
[SourceTitle "EXT 2022"]
[Source "ChessBase"]
[SourceDate "2021.10.06"]
[SourceVersion "1"]
[SourceVersionDate "2021.10.06"]
[SourceQuality "1"]

1. d4 Nf6 2. c4 e6 3. Nc3 d5 4. cxd5 exd5 5. Bg5 c6 6. e3 Nbd7 7. Bd3 h6 8. Bh4 Bd6 9. Nge2 a6 10. a3 Qc7 11. Bg3 0-0 12. Rc1 Re8 13. Bb1 Nb6 14. Qd3 Bg4 15. h3 Bh5 16. 0-0 Nc4 17. Bxd6 Qxd6 18. Nf4 Nxb2 19. Qc2 Nc4 20. a4 Na3 21. Qd3 Nxb1 22. Rxb1 b5 23. g4 Bg6 24. Nxg6 fxg6 25. Qxg6 Re6 26. Qd3 b4 27. Ne2 Ne4 28. Nf4 Rf6 29. Kg2 Raf8 30. f3 Ng5 31. h4 Nxf3 32. Rxf3 g5 33. hxg5 hxg5 34. Nh5 Rxf3 35. Rb2 Qe6 36. Kh2 Rxe3 37. Qd1 Re1 38. Qd3 Rff1 39. Ng3 Qd6 0-1

[Event "Moscow op-E"]
[Site "Moscow"]
[Date "2011.02.02"]
[Round "5.238"]
[White "Radivilov, Igor"]
[Black "Keze, Arnis"]
[Result "0-1"]
[WhiteElo "1973"]
[BlackElo "1766"]
[PlyCount "133"]
[EventDate "2011.01.29"]
[EventType "swiss"]
[EventRounds "9"]
[EventCountry "RUS"]
[SourceTitle "EXT 2022"]
[Source "ChessBase"]
[SourceDate "2021.10.06"]
[SourceVersion "1"]
[SourceVersionDate "2021.10.06"]
[SourceQuality "1"]

1. e4 c5 2. c3 d6 3. Nf3 Nf6 4. Qc2 Qc7 5. d4 cxd4 6. Nxd4 Nc6 7. Nb5 Qd8 8. Be2 a6 9. Nd4 Qc7 10. Be3 e5 11. Nb3 Be6 12. 0-0 Be7 13. N1d2 0-0 14. Bg5 Rac8 15. Rad1 h6 16. Bxf6 Bxf6 17. Qb1 Rfd8 18. Nf3 b5 19. Na1 Qa5 20. Nb3 Qb6 21. Rfe1 a5 22. Na1 b4 23. c4 Ne7 24. b3 Qc5 25. Bd3 Bg4 26. Nc2 Bxf3 27. gxf3 Bh4 28. Ne3 Ng6 29. Rd2 Nf4 30. Bf1 Rc7 31. Qb2 Kh7 32. Nd5 Rcd7 33. Nxf4 exf4 34. Rd5 Qb6 35. Qd4 Qxd4 36. Rxd4 Be7 37. Red1 Rc7 38. Rd5 Rc5 39. a3 bxa3 40. Ra1 Rxd5 41. exd5 Rb8 42. Rxa3 Bd8 43. Bh3 g6 44. Bd7 Kg7 45. Bb5 f5 46. Ra2 Rb7 47. Rc2 Bf6 48. Kf1 g5 49. h3 h5 50. Ba4 Be7 51. Re2 Kf7 52. Re6 Rb8 53. Ke2 Rg8 54. Kd3 g4 55. fxg4 hxg4 56. hxg4 fxg4 57. Re4 Bg5 58. Bd7 g3 59. fxg3 Rb8 60. gxf4 Bf6 61. Kc2 Rh8 62. Re2 Rh4 63. f5 Rh3 64. Be8+ Kf8 65. Ba4 Rc3+ 66. Kd2 Rg3 67. Re6 0-1

[Event "Wch Seniors 20th"]
[Site "Arco"]
[Date "2010.11.03"]
[Round "8"]
[White "Keze, Arnis"]
[Black "Neri, Angelo"]
[Result "1-0"]
[WhiteElo "1754"]
[BlackElo "1900"]
[PlyCount "103"]
[EventDate "2010.10.26"]
[EventType "swiss"]
[EventRounds "11"]
[EventCountry "ITA"]
[SourceTitle "EXT 2011"]
[Source "ChessBase"]
[SourceDate "2010.11.26"]
[SourceVersion "1"]
[SourceVersionDate "2010.11.26"]
[SourceQuality "1"]

1. d4 d5 2. c4 c6 3. Nf3 Nf6 4. cxd5 cxd5 5. Nc3 e6 6. Bf4 Nc6 7. e3 a6 8. Bd3 Be7 9. 0-0 0-0 10. Rc1 Bd7 11. Bb1 Rc8 12. a3 Re8 13. Qd3 Bf8 14. Bg5 g6 15. Ne5 Bg7 16. f4 Ne7 17. g4 Bb5 18. Nxb5 Rxc1 19. Rxc1 axb5 20. Qxb5 Ne4 21. Bxe4 dxe4 22. Bh4 f6 23. Nc4 Nd5 24. Qxb7 Qc8 25. Qxc8 Rxc8 26. Rc2 Kf8 27. Kf1 Ke7 28. Ke2 Kd7 29. Kd1 h6 30. Bf2 g5 31. fxg5 hxg5 32. Nd2 Rh8 33. Nxe4 Rxh2 34. Ke2 f5 35. gxf5 exf5 36. Nxg5 f4 37. Nf3 Rg2 38. e4 Ne3 39. Rd2 Nc4 40. e5 Nxd2 41. Nxd2 Bh6 42. Kf3 Rg8 43. d5 Rc8 44. Bd4 Rc2 45. Bc3 Bg7 46. Ne4 Rh2 47. e6+ Ke8 48. Bxg7 Rh3+ 49. Kxf4 Rb3 50. d6 Rb8 51. Nf6+ Kd8 52. e7+ 1-0